000 00688 a2200253 4500
502 _aThèse de Doctorat
260 _aWageningen
653 1 _aAgronomie
100 _aAWAD, Hanem Mohamed
041 _bEn
260 _bUniversité de Wageningen
300 _a133 p.
245 _aStudies on the pro-oxidant chemistry of flavonoids
650 _aFLAVONOID
260 _c06 Mars 2002
300 _bIll., Couv. ill. ; 24 cm
130 _lEn
040 _aSupport
041 _bEn
653 1 _aNutrition et Sciences Alimentaires
100 _uAbomey-Calavi, Université d'Abomey-Calavi, Faculté des Sciences Agronomiques, Bj
020 _a90-5808-588-0
999 _c32231
_d32231